01021 2200325 4500001002100000005001500021035002000036007000300056008004100059020002200100082001100122084001700133100002800150245014000178250002400318260004100342300003000383500009800413650003500511700001900546700001800565700002000583504002600603990001100629990001100640990001100651990001100662990001100673990001100684INLIS00000000000315520190207093559 a0010-0219000097ta190207 g 0 ind  a978-979-592-802-7 a297.91 a297.91 ABD h0 aABDUL, fattah As-Samman1 aHarta Nabi :bSumber, Pembelanjaan, & Wakaf /cAbdul fattah As-Samman; penerjemah, Masturi Irham, Mujiburrohman; editor, Muhammad Yasir aed.Indonesia, cet.1 aJakarta :bPustaka Al-Kautsar,c2018 axlvii, 644 hlm. ;c25 cm. aJudul asli : Amwaalu An-Nabiy Shallallahu Alaihi wa Sallam; Kasban, wa Infaaqan, wa Tauritsan aISLAM. HARTA NABI MUHAMMAD SAW0 aMASTURI, Irham0 aMUJIBURROHMAN0 aMUHAMMAD, Yasir aBibliografi : 629-644 a4681 a a4681 b a6481 a a4681 b a6481 b a6481 a